000 00833cam a2200253 a 4500
001 000019389
005 20200929170014.0
008 840706s1970 sp 001 j spa d
040 _aDO-SdBNP
_cDLC
_dDLC
_eBNPHU
082 _a863.5
_bA323a, 1970
100 1 _aAlas, Leopoldo,
_d1852-1901
_940133
245 1 1 _a¡Adiós, Cordera! :
_by otros cuentos /
_cLeopoldo Alas "Clarín".
250 _a4a ed.
260 _aMadrid :
_bEspasa-Calpe,
_c1970.
300 _a147 p. ;
_c18 cm.
490 1 _aAustral. Azul: novelas y cuentos en general
_v444
500 _aIncluye índice de autores.
650 4 _aCuentos españoles
_93194
650 4 _aLiteratura española
_ySIGLO XX
_93326
830 0 _aAustral ;
_pAzul: novelas y cuentos es general;
_v444
_941640
910 _aCatalogación derivada / LC
910 _aWM
049 _aBNGR
999 _c18905
_d18905